Factory design / (Record no. 353663)

000 -LEADER
fixed length control field 05591cam a2200505 a 4500
001 - CONTROL NUMBER
control field 15722368
003 - CONTROL NUMBER IDENTIFIER
control field OSt
005 - DATE AND TIME OF LATEST TRANSACTION
control field 20180116192414.0
008 - FIXED-LENGTH DATA ELEMENTS--GENERAL INFORMATION
fixed length control field 090424s2009 gw ae 001 0 eng c
010 ## - LIBRARY OF CONGRESS CONTROL NUMBER
LC control number 2009412778
020 ## - INTERNATIONAL STANDARD BOOK NUMBER
International Standard Book Number 9783037680056 (hd. bd.)
020 ## - INTERNATIONAL STANDARD BOOK NUMBER
International Standard Book Number 3037680059 (hd. bd.)
020 ## - INTERNATIONAL STANDARD BOOK NUMBER
International Standard Book Number 9783938780756 (hbk.)
020 ## - INTERNATIONAL STANDARD BOOK NUMBER
International Standard Book Number 3938780754 (hbk.)
035 ## - SYSTEM CONTROL NUMBER
System control number (OCoLC)ocn317920466
040 ## - CATALOGING SOURCE
Original cataloging agency OHX
Language of cataloging eng
Transcribing agency OHX
Modifying agency ZCU
-- IXA
-- PUL
-- GBVCP
-- DEBBG
-- UKM
-- BTCTA
-- BAKER
-- OCL
-- OMB
-- DLC
042 ## - AUTHENTICATION CODE
Authentication code pcc
050 00 - LIBRARY OF CONGRESS CALL NUMBER
Classification number NA6400
Item number .U44 2009
082 ## - DEWEY DECIMAL CLASSIFICATION NUMBER
Classification number 725
084 ## - OTHER CLASSIFICATION NUMBER
Classification number ZH 6600
Number source rvk
084 ## - OTHER CLASSIFICATION NUMBER
Classification number ARC 469f
Number source stub
100 1# - MAIN ENTRY--PERSONAL NAME
Personal name Uffelen, Chris van.
9 (RLIN) 6388
245 10 - TITLE STATEMENT
Title Factory design /
Statement of responsibility, etc. Chris van Uffelen ; [translation, Alice Bayandin].
250 ## - EDITION STATEMENT
Edition statement 1st ed.
260 ## - PUBLICATION, DISTRIBUTION, ETC.
Place of publication, distribution, etc. [Berlin] :
Name of publisher, distributor, etc. Braun,
Date of publication, distribution, etc. c2009.
300 ## - PHYSICAL DESCRIPTION
Extent 261 p. :
Other physical details ill. (some col.), plans ;
Dimensions 30 cm.
500 ## - GENERAL NOTE
General note Includes index.
505 0# - FORMATTED CONTENTS NOTE
Formatted contents note Heavy industries : Longus Production Building / Bob Gysin + Partner ; Transparent Factory Dresden / Henn Architekten ; Logistics Center Blanco / Prof. J. Reichardt Architekten ; Schmitz Truck & Trailer Center / 4a architekti ; Printing Factory Slagelse / Søren Robert Lund Architects ; Modine Automotive / Prof. J. Reichardt ; Phiaro / N Maeda Atelier ; Factory 02-ship- / Ryuichi Ashizawa Architects & Associates ; Dogan Printing Center / Melkan Gursel & Murat Tabanlioglu ; Age Developments / Meyer Shircore and Associates Architects ; Ferrari Production Hall / MDN Marco Visconti & Partners, Maire Engineering ; Jot Automation Group Plc / Laatio Architects ; Capricorn Test Center / Gatermann + Schossig ; Inapal Metal Industrial Unit / Guedes+DeCampos ; Vestas / Arkitektfirmaet C.F. Møller ; Gerätewerk Matrei / ATP architects and engineers ; Gretsch-Unitas / kab Architekten ; Stämpfli AG / A. Furrer und Partner ; Printing Factory Munich / Amann Architekten ; Aplix Factory / Dominique Perrault architecture ; VSM Factory / Despang Architekten ; Ferrari Company Restaurant / MDN Marco Visconti & Partners, Maire Engineering ; ESTA / Gerken Architekten+Ingenieure ; MAN Assembly Plant / aib Architektur Generalplanung Projektmanagement ; McLaren Technology Centre / Foster + Partners ; Valeo Industrial Bay / RGA Arquitectes -- High-tech : Alpla / Architekturbüro Früh ; L'Oreal Factory / Valode et Pistre architectes ; Pinta Acoustic / Aigner Architecture ; Schiebel Group / project A.01 architects ; Faller Pharma Service Center / pfeifer roser kuhn architekten ; Hogy Medical Tsukuba Kit Plant / Nikken Sekkei ; T&O Stelectric / Arkitema Architects ; Steigereiland Ijburg / Group A ; Laser Machine Tool Factory / Barkow Leibinger Architekten ; Production Center Pfieffewiesen / Walter Nägeli, James Stirling, Michael Wilford ; Inotera Headquarters / tecDESIGN STUDIO Los Angeles, tecARCHITECTURE Swiss AG ; Solvis Zero Emissions Factory / Banz + Riecks ; Avon Cosmetics / APA Kurylowicz & Associates ; Elkamet / seifert.stoeckmann@formalhaut with Martin Häusle ; Solarfactory Sunfilm / IPRO Dresden Planungs- und Ingenieuraktiengesellschaft --
505 0# - FORMATTED CONTENTS NOTE
Formatted contents note Low-tech : Vineyard Lackner-Tinnacher / Rolf Rauner architektur+werkstätte ; Vacheron Constantin Headquarters / Bernard Tschumi Architects ; Airport Catering Nantes / Manuelle Gautrand architecture ; Forestry Branch Marche-en-Famenne / Philippe Samyn and Partners, architects & engineers ; Wilkhahn Asia Pacific Factory / BVN Architecture ; Feuerstein Windows / Architekten.3P, Feuerstein Rüdenauer & Partner ; Aimer Lingerie Factory / crossboundaries architects ; Leather Goods Factory / Patrick Berger et Jacques Anziutti Architectes ; Tunacelik Factory / Melkan Gursel & Murat Tabanlioglu ; Nestlé Chocolate Factory Museum / Rojkind arquitectos ; Louis Vuitton / Sandrolini Architecte ; Micro-tech Plant Gals / Cuno Brullmann Jean-Luc Crochon + Associés ; Rexam / ATP Architects and Engineers ; Rooftecture U / Endo Shuhei Architect Institute ; Karcoma Fixtures / kab architekten ; Kinosaki Beer Factory GUBI-GABU / FOBA ; Multifunctional building / Architektur/Hansulrich Benz ; Fifth Town Artisan Cheese Factory / Lapointe Architects -- Storages, etc. : A12 Warehouse / Manuelle Gautrand architecture ; Writer Warehouse: Delhi ; Writer Warehouse: Mumbai ; Writer Warehouse: Chennai / Khanna Schultz ; Warehouse Campus expansion / Ehrlich Architects ; Re-Tem Corporation / O.F.D.A. ; Standard+ / b&k+brandlhuber & co ; Tour & Taxis / Archi 2000 ; Georg Knorr Industrial Park / J.S.K. Architekten ; Former Porcelain Factory Stadtlengsfeld / knabe&knabe architekten+ingenieure ; Business Circuit Nieuw Vennep Zuid / Group A.
650 #0 - SUBJECT ADDED ENTRY--TOPICAL TERM
Topical term or geographic name entry element Factories
Form subdivision Designs and plans.
9 (RLIN) 6389
650 #0 - SUBJECT ADDED ENTRY--TOPICAL TERM
Topical term or geographic name entry element Architecture, Industrial
Form subdivision Designs and plans.
9 (RLIN) 6390
650 #0 - SUBJECT ADDED ENTRY--TOPICAL TERM
Topical term or geographic name entry element Architecture, Modern
Chronological subdivision 20th century.
9 (RLIN) 6391
650 #0 - SUBJECT ADDED ENTRY--TOPICAL TERM
Topical term or geographic name entry element Architecture, Modern
Chronological subdivision 21st century.
9 (RLIN) 6392
650 #4 - SUBJECT ADDED ENTRY--TOPICAL TERM
Topical term or geographic name entry element Fabrikgebäude
Form subdivision Bildband.
9 (RLIN) 6393
650 07 - SUBJECT ADDED ENTRY--TOPICAL TERM
Topical term or geographic name entry element Fabrikgebäude.
Source of heading or term swd
9 (RLIN) 6394
655 #7 - INDEX TERM--GENRE/FORM
Genre/form data or focus term Bildband.
Source of term swd
9 (RLIN) 6736
655 #4 - INDEX TERM--GENRE/FORM
Genre/form data or focus term Bildband.
9 (RLIN) 6737
856 41 - ELECTRONIC LOCATION AND ACCESS
Materials specified Table of contents
Uniform Resource Identifier <a href="http://bvbr.bib-bvb.de:8991/F?func=service&doc_library=BVB01&doc_number=017447719&line_number=0001&func_code=DB_RECORDS&service_type=MEDIA">http://bvbr.bib-bvb.de:8991/F?func=service&doc_library=BVB01&doc_number=017447719&line_number=0001&func_code=DB_RECORDS&service_type=MEDIA</a>
856 4# - ELECTRONIC LOCATION AND ACCESS
Materials specified Beschreibung für Leser
Uniform Resource Identifier <a href="http://deposit.d-nb.de/cgi-bin/dokserv?id=3232277&prov=M&dok_var=1&dok_ext=htm">http://deposit.d-nb.de/cgi-bin/dokserv?id=3232277&prov=M&dok_var=1&dok_ext=htm</a>
906 ## - LOCAL DATA ELEMENT F, LDF (RLIN)
a 7
b cbc
c pccadap
d 3
e ncip
f 20
g y-gencatlg
942 ## - ADDED ENTRY ELEMENTS (KOHA)
Source of classification or shelving scheme
Koha item type Book
Holdings
Withdrawn status Lost status Source of classification or shelving scheme Damaged status Not for loan Permanent Location Current Location Date acquired Total Checkouts Total Renewals Full call number Barcode Date last seen Date last checked out Copy number Cost, replacement price Price effective from Koha item type
          School of Art Design and Architecture (SADA) School of Art Design and Architecture (SADA) 08/27/2012 4 2 725 UFF 2009 SADA0001832 12/02/2015 11/16/2015 1 4725.00 02/20/2013 Book
© 2023 Central Library, National University of Sciences and Technology. All Rights Reserved.